Wszyscy monarchowie w Wielkiej Brytanii - Statystyki

Ogólne statystyki
  • Ten quiz został rozwiązany 187 razy
    60 od ostatniego zresetowania
  • Średni wynik to 29 z 63
Statystyki odpowiedzi
Czas panowania Monarcha % Poprawnych
1558 - 1603 Elizabeth I
98%
1952 - 2022 Elizabeth II
98%
1625 - 1649 Charles I
93%
1660 - 1685 Charles II
93%
2022 - Present Charles III
93%
1714 - 1727 George I
93%
1727 - 1760 George II
93%
1760 - 1820 George III
93%
1910 - 1936 George V
93%
1936 - 1952 George VI
93%
1820 - 1830 George IV
88%
1837 - 1901 Victoria I
83%
1483 Edward V
78%
1547 - 1553 Edward VI
78%
1901 - 1910 Edward VII
78%
1936 Edward VIII
78%
1272 - 1307 Edward I
76%
1307 - 1327 Edward II
76%
1327 - 1377 Edward III
73%
1461 -1470 Edward IV
71%
1471 - 1483 Edward IV
71%
1100 - 1135 Henry I
71%
1154 - 1189 Henry II
71%
1216 - 1272 Henry III
66%
1553 - 1558 Mary I
63%
1066 - 1087 William I
61%
1087 - 1100 William II
59%
1413 - 1422 Henry V
56%
1422 - 1461 Henry VI
56%
1470 - 1471 Henry VI
56%
1483 - 1509 Henry VII
56%
1509 - 1547 Henry VIII
56%
1399 - 1413 Henry IV
49%
1189 - 1199 Richard I
49%
1702 - 1714 Anne
46%
1199 - 1216 John
46%
1603 - 1625 James I
44%
1685 - 1688 James II
44%
1830 - 1837 William IV
41%
1377 - 1399 Richard II
34%
1483 - 1485 Richard III
32%
1135 - 1154 Stephen
22%
871 - 899 Alfred the Great
12%
939 - 946 Edmund I
5%
860 - 866 Aethelberht
2%
959 - 975 Edgar
2%
856 - 860 Aethelbald
0%
866 - 871 Aethelred I
0%
839 - 856 Aethelwulf
0%
925 - 939 Athelstan
0%
1016 - 1035 Canute
0%
949 - 955 Eadred
0%
955 - 959 Eadwig
0%
1016 Edmund II Ironside
0%
1042 - 1066 Edward the Confessor
0%
899 - 925 Edward the Elder
0%
975 - 978 Edward the Martyr
0%
802 - 839 Egbert
0%
978 - 1016 Ethelred II the Unready
0%
1040 - 1042 Hardecanute
0%
1035 - 1040 Harold I Harefoot
0%
1066 Harold II
0%
1689 - 1702 Wiilliam III i Mary II
0%
Nie znaleziono quizów pasujących do podanych kryteriów
Rozkład punktacji
Procent ludzi z każdym wynikiem
Percentyl według liczby udzielonych odpowiedzi
Twoja historia wyników
Nie rozwiązałeś tego quizu od ostatniego zresetowania